000 00502nam a2200205Ia 4500
005 20241218021600.0
008 240331s9999 xx 000 0 und d
020 _a0415906466
082 _bFEM
_a880.09
245 0 _aFeminist theory and the classics
260 _aNew York
_bRoutledge
_c1993
300 _ax, 314 p .,
650 _aClassical Literature
650 _aWomen
650 _aSex
650 _aHistory
700 _aRobinowitz, N.S.
_eedt
700 _a Richlin, A
_eedt
942 _cL
999 _c3398
_d3398